00751nam a2200241 a 450000100060000000300080000600500170001400800410003102000400007202000350011203500190014704000320016604100080019804300120020608200160021824500480023426000420028230000290032450400640035365000230041765100390044070000300047977170BD-RjUL20211209082932.0200227s2000 caua b 001 0 eng d a0737703121 (lib. bdg. : alk. paper) a0737703113 (pbk. : alk. paper) a(BD-RjUL)77394 aDLCcDLCdDLCdBD-RjULbeng aeng an-us---00a973.92922114aThe 1990s /cStuart A. Kallen, book editor. aSan Diego :bGreenhaven Press,c2000. a206 p. :bill. ;c23 cm. aIncludes bibliographical references (p. 195-197) and index. 0aNineteen nineties. 0aUnited StatesxCivilizationy1970-1 aKallen, Stuart A.,d1955-